00470 a2200121 4500001001000000005001700010008004100027245011300068100003300181700002000214773009700234999001700331ART_5554420260410162021.0260409a 10aLa pampa. El suicidio de una persona con padecimientos mentales atendida por el servicio público de salud.1 aBellotti San Martín, Lucas1 aTomas, Lucas P.0 tTemas de derecho de familia, sucesiones y bioéticag- Año 7, N° 4 (abr. 2022)wREV41029 c33098d33098